Statistiques concernant Drapeaux de l'Europe

Cliquez ici pour prendre le quiz!

Statistiques générales

  • Ce quiz a été pris 248 fois
  • Le résultat moyen est 14 sur 16

Statistiques - réponses

Réponse% Correct
France
100%
Espagne
99%
Belgique
96%
Italie
96%
Royaume-Uni
95%
Ukraine
95%
Irlande
94%
Norvège
90%
Monaco
84%
Slovaquie
83%
Bulgarie
82%
Luxembourg
81%
Slovénie
78%
Liechtenstein
63%
Monténégro
63%
Lettonie
61%

Distribution des résultats

Percentile par nombre de réponses

% des personnes avec chaque résultat

Votre développement - résultats

Vous n’avez pas pris ce quiz